Journal of Applied Economic Sciences

Salvato in:
Dettagli Bibliografici
Natura: Periodico
Lingua:inglese
Pubblicazione: Craiova Spiru Haret University
Tags: Aggiungi Tag
Nessun Tag, puoi essere il primo ad aggiungerne!!

MARC

LEADER 00000nls a2200000 4500
001 0245550
005 20240417073939.7
022 |a 2393-5162 
022 |a 1843-6110 
041 0 |a eng 
044 |a RO 
245 1 0 |a Journal of Applied Economic Sciences 
264 1 |a Craiova  |b Spiru Haret University